| 000 | 01744cab a2200277 4500 | ||
|---|---|---|---|
| 001 | ABS48305 | ||
| 008 | 090401t1993 xxu||||| |||| 00| 0 eng d | ||
| 035 | _a(Sirsi) u66076 | ||
| 041 | _aeng | ||
| 245 | _aTrafford V SoS for the Environment and Lake District Special Planning Board | ||
| 260 | _c1993 | ||
| 350 | _a0 | ||
| 490 |
_aJournal of Planning and Environment Law _v1993 JPL 236-242(4) |
||
| 520 | _a13D 21 February 1992. The Planning Board failed to determine an application for outline planning permission for partial demolition and conversion of farm buildings for residential use. The applicant, T, appealed. In its representations the board referred to the draft Local Plan which layed out their thinking on housing within the National Park. Reference was also made to the structure plan. T responded that little weight should be given to Local Plan as it needed to be modified to conform to the structure plan. The appeal was dismissed. T applied to the High Court under Town and Country Planning Act 1990 s288 on three points, that the Inspector had taken into account the draft local plan, that he had given too much weight to the structure plan policy and that he had taken into account another appeal before the SoS and that these three factors had vitiated the decision. The application was dismissed. | ||
| 650 | _aDOE CIRCULAR 07/1991 | ||
| 650 | _aFARM BUILDINGS | ||
| 650 | _aLOCAL DEVELOPMENT PLANS | ||
| 650 | _aNATIONAL PARKS | ||
| 650 | _aOUTLINE PLANNING PERMISSION | ||
| 650 | _aPARKIN V SOS FOR THE ENVIRONMENT AND EAST DEVON DC | ||
| 650 | _aSOUTH BUCKS DC V SOS ENVIRONMENT | ||
| 650 | _aSTRUCTURE PLANS | ||
| 690 | _aPLANNING LAW AND PRACTICE-CASE LAW | ||
| 942 | _n0 | ||
| 948 | _c04/03/1997 | ||
| 999 |
_c41295 _d41295 |
||